|
|
|
|
| LEADER |
01191nam a2200397 4500 |
| 001 |
DLU090094062 |
| 005 |
##20091201 |
| 040 |
# |
# |
|a DLU
|b eng
|
| 041 |
# |
# |
|a eng
|
| 044 |
# |
# |
|a us
|
| 245 |
# |
# |
|a Subspecies-level variation in the phytoextraction of weathered p,p-DDE by cucurbita pepo /
|c Jason C. White ... [et al.].
|
| 653 |
# |
# |
|a Biological accumulation
|
| 653 |
# |
# |
|a Bioremediation
|
| 653 |
# |
# |
|a Cucurbita pepo
|
| 653 |
# |
# |
|a DDE
|
| 653 |
# |
# |
|a Pesticides
|
| 653 |
# |
# |
|a Soil pollution
|
| 653 |
# |
# |
|a Translocation
|
| 700 |
# |
# |
|a Arienzo, Michele.
|
| 700 |
# |
# |
|a Eitzer, Brian D.
|
| 700 |
# |
# |
|a Gent, Martin P. N.
|
| 700 |
# |
# |
|a Iannucci-Berger, William.
|
| 700 |
# |
# |
|a Mattina, Mary Jane Incorvia.
|
| 700 |
# |
# |
|a Schultes, Neil P.
|
| 700 |
# |
# |
|a Wang, Xiaoping.
|
| 700 |
# |
# |
|a White, Jason C.
|
| 773 |
# |
# |
|t Environmental Science & Technology
|g Vol. 37, no. 19 (October 2003), p. 4368-4373
|
| 920 |
# |
# |
|a Phòng Tạp chí -- Trung tâm Thông tin - Thư viện Trường Đại học Đà Lạt
|
| 994 |
# |
# |
|a DLU
|
| 900 |
# |
# |
|a True
|
| 911 |
# |
# |
|a Trương Bảo Trâm Anh
|
| 925 |
# |
# |
|a G
|
| 926 |
# |
# |
|a A
|
| 927 |
# |
# |
|a BB
|
| 980 |
# |
# |
|a Thư viện Trường Đại học Đà Lạt
|